| LEADER |
00895nam0a2200217 450 |
| 001 |
16847007 |
| 010 |
|
|
|a 978-2-266-33802-8
|b rel.
|d 18
|
| 100 |
|
|
|a 20231222d2024 u u0frey01 ba
|
| 101 |
1 |
|
|a fre
|c eng
|
| 102 |
|
|
|a FR
|
| 200 |
0 |
|
|a Galatée
|e intégrale
|f Madeline Miller
|g traduit de l'anglais (Etats-Unis) par Christine Auché
|
| 207 |
|
1 |
|a
|
| 210 |
|
|
|a Paris
|b 8 rue Garancière.
|c Pocket
|d 2024
|
| 215 |
|
|
|a 1 vol. (926 p.)
|d 19 x 14 cm
|
| 225 |
1 |
|
|a Pocket
|i Roman
|
| 330 |
|
|
|a Deux romans et une nouvelle qui revisitent respectivement L'Iliade, le mythe de Circé et l'histoire de Galatée. Prix Rive gauche à Paris de la couverture de livre 2024.
|
| 700 |
|
0 |
|a Miller
|b Madeline
|4 70
|
| 702 |
|
0 |
|a Auché
|b Christine
|f 1964-....
|4 730
|
| 900 |
|
|
|a Roman
|
| 901 |
|
|
|a Accessible au prêt
|
| 995 |
|
|
|a Bibliothèque
|c Bibliothèque
|f 00156012522090
|h 00156012522090
|k R MIL
|o p
|q a
|r az
|e Bibliothèque
|